[Event "Kecskemet Caissa IM 08"]
[Site "Kecskemet"]
[Date "2015.08.24"]
[Round "14"]
[White "Wong, Yee Chit"]
[Black "McPhillips, Joseph"]
[Result "1/2-1/2"]
[WhiteElo "1959"]
[BlackElo "2191"]
[PlyCount "43"]
[EventDate "2015.08.15"]
[EventType "tourn"]
[EventRounds "14"]
[EventCountry "HUN"]
[SourceTitle "EXT 2016"]
[Source "ChessBase"]
[SourceDate "2015.10.08"]
[SourceVersion "1"]
[SourceVersionDate "2015.10.08"]
[SourceQuality "1"]

1. d4 e6 2. c4 Nf6 3. Nf3 b6 4. g3 Ba6 5. Qa4 Bb7 6. Bg2 c5 7. dxc5 bxc5 8. 0-0 Be7 9. Nc3 0-0 10. Rd1 Qb6 11. Bf4 d6 12. Rab1 Nbd7 13. b4 Rfb8 14. b5 Rd8 15. Qc2 Nf8 16. e4 e5 17. Bg5 Ne6 18. Bxf6 Bxf6 19. Nd5 Bxd5 20. Rxd5 Nd4 21. Nxd4 cxd4 22. Bf1 1/2-1/2

[Event "Kecskemet Caissa IM 08"]
[Site "Kecskemet"]
[Date "2015.08.22"]
[Round "12"]
[White "Wong, Yee Chit"]
[Black "Horton, Jamie A"]
[Result "1-0"]
[WhiteElo "1959"]
[BlackElo "2023"]
[PlyCount "51"]
[EventDate "2015.08.15"]
[EventType "tourn"]
[EventRounds "14"]
[EventCountry "HUN"]
[SourceTitle "EXT 2016"]
[Source "ChessBase"]
[SourceDate "2015.10.08"]
[SourceVersion "1"]
[SourceVersionDate "2015.10.08"]
[SourceQuality "1"]

1. d4 Nf6 2. c4 e6 3. Nc3 d5 4. Nf3 Be7 5. e3 0-0 6. Bd3 dxc4 7. Bxc4 c5 8. 0-0 a6 9. dxc5 Bxc5 10. Bd3 b5 11. e4 h6 12. e5 Nd5 13. Nxd5 Qxd5 14. Qe2 Bb7 15. Rd1 Qc6 16. Bd2 b4 17. Rac1 Qb6 18. Rc4 Rd8 19. Rg4 Kh8 20. Bxh6 gxh6 21. Ng5 Rf8 22. Rf4 Qd8 23. Nxf7+ Rxf7 24. Rxf7 Bd5 25. Qh5 Bxf2+ 26. Kxf2 1-0

[Event "Kecskemet Caissa IM 08"]
[Site "Kecskemet"]
[Date "2015.08.19"]
[Round "8"]
[White "Wong, Yee Chit"]
[Black "Hajnal, Zoltan"]
[Result "1/2-1/2"]
[WhiteElo "1959"]
[BlackElo "2377"]
[PlyCount "22"]
[EventDate "2015.08.15"]
[EventType "tourn"]
[EventRounds "14"]
[EventCountry "HUN"]
[SourceTitle "EXT 2016"]
[Source "ChessBase"]
[SourceDate "2015.10.08"]
[SourceVersion "1"]
[SourceVersionDate "2015.10.08"]
[SourceQuality "1"]

1. d4 d5 2. c4 c6 3. e3 Bf5 4. Qb3 Qc7 5. cxd5 cxd5 6. Bb5+ Bd7 7. Nc3 e6 8. Bd2 Nf6 9. Rc1 Nc6 10. Nf3 Be7 11. 0-0 0-0 1/2-1/2

[Event "Kecskemet Caissa IM 08"]
[Site "Kecskemet"]
[Date "2015.08.18"]
[Round "6"]
[White "Wong, Yee Chit"]
[Black "Marholev, Dimitar"]
[Result "1-0"]
[WhiteElo "1959"]
[BlackElo "2325"]
[PlyCount "63"]
[EventDate "2015.08.15"]
[EventType "tourn"]
[EventRounds "14"]
[EventCountry "HUN"]
[SourceTitle "EXT 2016"]
[Source "ChessBase"]
[SourceDate "2015.10.08"]
[SourceVersion "1"]
[SourceVersionDate "2015.10.08"]
[SourceQuality "1"]

1. d4 Nc6 2. Nf3 d5 3. Bf4 Bg4 4. e3 e6 5. c4 dxc4 6. Nc3 Bd6 7. Bg3 Nf6 8. Bxc4 a6 9. 0-0 0-0 10. Bh4 Be7 11. Rc1 Nd7 12. Bxe7 Nxe7 13. h3 Bh5 14. Be2 c5 15. d5 exd5 16. Nxd5 Nc6 17. Nf4 Bg6 18. Nxg6 hxg6 19. Qd6 Qe7 20. Qxe7 Nxe7 21. Rfd1 Rfd8 22. b4 b6 23. Ng5 Kf8 24. Bc4 Ne5 25. Rxd8+ Rxd8 26. bxc5 Nxc4 27. Rxc4 bxc5 28. Rxc5 Rd1+ 29. Kh2 Rd2 30. Ra5 Rxf2 31. Rxa6 f6 32. Ra8+ 1-0

[Event "Kecskemet Caissa IM 08"]
[Site "Kecskemet"]
[Date "2015.08.17"]
[Round "4"]
[White "Wong, Yee Chit"]
[Black "Kiss, Pal"]
[Result "1/2-1/2"]
[WhiteElo "1959"]
[BlackElo "2336"]
[PlyCount "63"]
[EventDate "2015.08.15"]
[EventType "tourn"]
[EventRounds "14"]
[EventCountry "HUN"]
[SourceTitle "EXT 2016"]
[Source "ChessBase"]
[SourceDate "2015.10.08"]
[SourceVersion "1"]
[SourceVersionDate "2015.10.08"]
[SourceQuality "1"]

1. d4 d5 2. c4 dxc4 3. Nf3 c5 4. d5 Nf6 5. Nc3 e6 6. e4 exd5 7. exd5 Bd6 8. Bxc4 0-0 9. 0-0 a6 10. a4 Bg4 11. h3 Bh5 12. Bg5 Re8 13. Bd3 Bg6 14. Bxg6 hxg6 15. Nd2 Nbd7 16. Nc4 Nb6 17. Qb3 Nxc4 18. Qxc4 Qb6 19. Bxf6 gxf6 20. Ne4 Kg7 21. a5 Qc7 22. Nxd6 Qxd6 23. Rac1 Rad8 24. Qxc5 Qxd5 25. b4 Re4 26. b5 Qxc5 27. Rxc5 Re5 28. Rfc1 Rd1+ 29. Rxd1 Rxc5 30. b6 Rxa5 31. Rd7 Rb5 32. Rxb7 1/2-1/2

[Event "Budapest FS08 FM-A"]
[Site "Budapest"]
[Date "2015.08.03"]
[Round "3"]
[White "Kovacs, Arthur"]
[Black "Wong, Yee Chit"]
[Result "1/2-1/2"]
[WhiteElo "2022"]
[BlackElo "1959"]
[PlyCount "31"]
[EventDate "2015.08.01"]
[EventType "tourn"]
[EventRounds "11"]
[EventCountry "HUN"]
[SourceTitle "CBM 167 Extra"]
[Source "ChessBase"]
[SourceDate "2015.09.14"]
[SourceVersion "1"]
[SourceVersionDate "2015.09.14"]
[SourceQuality "1"]

1. d4 d5 2. Nf3 Nf6 3. c4 c6 4. Nc3 a6 5. cxd5 cxd5 6. Bf4 Nc6 7. e3 e6 8. Bd3 Bd6 9. Bxd6 Qxd6 10. Rc1 0-0 11. 0-0 e5 12. Nxe5 Nxe5 13. dxe5 Qxe5 14. Be2 Bd7 15. Bf3 Bc6 16. Qd4 1/2-1/2

[Event "World School-ch U15 11th"]
[Site "Pattaya"]
[Date "2015.05.12"]
[Round "7"]
[White "Wong, Yee Chit"]
[Black "Anand, Nadar"]
[Result "1-0"]
[WhiteElo "1932"]
[BlackElo "1895"]
[PlyCount "73"]
[EventDate "2015.05.07"]
[EventType "swiss"]
[EventRounds "9"]
[EventCountry "THA"]
[SourceTitle "CBM 166 Extra"]
[Source "ChessBase"]
[SourceDate "2015.06.18"]
[SourceVersion "1"]
[SourceVersionDate "2015.06.18"]
[SourceQuality "1"]

1. d4 Nf6 2. c4 e6 3. Nf3 b6 4. g3 Ba6 5. Qa4 Bb7 6. Bg2 c5 7. dxc5 bxc5 8. 0-0 Be7 9. Nc3 Qb6 10. Rd1 0-0 11. Bf4 d6 12. Rd2 h6 13. Rad1 e5 14. Be3 Ng4 15. Nd5 Bxd5 16. Rxd5 Nxe3 17. fxe3 e4 18. Nd2 f5 19. Rxf5 Rxf5 20. Bxe4 Rf8 21. Bxa8 Qxb2 22. Bf3 Bg5 23. Nf1 Qe5 24. Rd3 Qe7 25. Qd1 Nd7 26. Rxd6 Bxe3+ 27. Kg2 Nb6 28. Bd5+ Nxd5 29. Qxd5+ Kh8 30. Re6 Qf7 31. Nxe3 Qf2+ 32. Kh3 Qxe2 33. Qe5 Qd3 34. Rxh6+ Kg8 35. Qe6+ Rf7 36. Qe8+ Rf8 37. Rh8+ 1-0

[Event "World School-ch U15 11th"]
[Site "Pattaya"]
[Date "2015.05.09"]
[Round "4"]
[White "Nylund, Timothy"]
[Black "Wong, Yee Chit"]
[Result "0-1"]
[WhiteElo "1476"]
[BlackElo "1932"]
[PlyCount "54"]
[EventDate "2015.05.07"]
[EventType "swiss"]
[EventRounds "9"]
[EventCountry "THA"]
[SourceTitle "CBM 166 Extra"]
[Source "ChessBase"]
[SourceDate "2015.06.18"]
[SourceVersion "1"]
[SourceVersionDate "2015.06.18"]
[SourceQuality "1"]

1. c4 Nf6 2. d4 c6 3. Nc3 d5 4. cxd5 cxd5 5. Nf3 Nc6 6. Bf4 Bf5 7. e3 e6 8. Bb5 Bd6 9. Ne5 Bxe5 10. Bxe5 0-0 11. Bxc6 bxc6 12. 0-0 Nd7 13. Bf4 f6 14. Bd6 Re8 15. Qa4 Nb6 16. Qxc6 Rc8 17. Qb7 Qxd6 18. Qxa7 Bd3 19. Rfc1 Ra8 20. Qxa8 Rxa8 21. Rd1 Bc4 22. a4 Qb4 23. Nb5 Bxb5 24. axb5 Rxa1 25. Rxa1 Qxb2 26. g4 Qxa1+ 27. Kg2 g5 0-1

[Event "Hong Kong op"]
[Site "Hong Kong"]
[Date "2014.10.02"]
[Round "3"]
[White "Wong, Yee Chit"]
[Black "Au, Matthew"]
[Result "1-0"]
[WhiteElo "1942"]
[BlackElo "1660"]
[PlyCount "46"]
[EventDate "2014.10.01"]
[EventType "swiss"]
[EventRounds "9"]
[EventCountry "HKG"]
[SourceTitle "CBM 162 Extra"]
[Source "ChessBase"]
[SourceDate "2014.10.17"]
[SourceVersion "1"]
[SourceVersionDate "2014.10.17"]
[SourceQuality "1"]

1. d4 b6 2. c4 e6 3. e4 Bb7 4. Nc3 Nf6 5. Bd3 Bb4 6. Qc2 0-0 7. Nf3 d5 8. cxd5 exd5 9. e5 Ne4 10. 0-0 c5 11. Nxe4 dxe4 12. Bxe4 Bxe4 13. Qxe4 Nd7 14. d5 b5 15. Ng5 g6 16. e6 fxe6 17. Qxe6+ Kg7 18. Qh3 Qe8 19. Qxh7+ Kf6 20. Ne6 Rh8 21. Qg7+ Kf5 22. f3 Nf6 23. g4+ Ke5 1-0

[Event "Hong Kong-ch op"]
[Site "Hong Kong"]
[Date "2013.09.30"]
[Round "7"]
[White "Chan, Yi Meng Ryan"]
[Black "Wong, Yee Chit"]
[Result "0-1"]
[WhiteElo "1677"]
[BlackElo "1911"]
[PlyCount "118"]
[EventDate "2013.09.27"]
[EventType "swiss"]
[EventRounds "9"]
[EventCountry "HKG"]
[SourceTitle "EXT 2015"]
[Source "ChessBase"]
[SourceDate "2014.11.20"]
[SourceVersion "1"]
[SourceVersionDate "2014.11.20"]
[SourceQuality "1"]

1. d4 d5 2. c4 e6 3. Nc3 Nf6 4. cxd5 exd5 5. Bg5 c6 6. e3 h6 7. Bh4 Bf5 8. Nf3 Be7 9. Be2 Nbd7 10. 0-0 Ne4 11. Bxe7 Qxe7 12. Rc1 0-0 13. Nd2 Nxd2 14. Qxd2 Rfe8 15. Na4 Nf6 16. Nc5 Ne4 17. Qb4 Nxc5 18. Qxc5 Qd7 19. b4 Re6 20. b5 Rg6 21. bxc6 bxc6 22. Bh5 Bh3 23. f4 Rxg2+ 24. Kh1 Rb8 25. Rg1 Rxg1+ 26. Kxg1 Qf5 27. Bf3 Qd3 28. Qc3 Qxc3 29. Rxc3 Rb6 30. e4 dxe4 31. Bxe4 Bd7 32. a4 Rb4 33. Bxc6 Bxc6 34. Rxc6 Rxa4 35. Rd6 Kf8 36. Kf2 Ke7 37. Rd5 Ra2+ 38. Kg3 Ra6 39. Re5+ Kd7 40. Kf3 Rd6 41. Ra5 Rxd4 42. Rxa7+ Ke6 43. Ra6+ Rd6 44. Rxd6+ Kxd6 45. Ke4 Ke6 46. f5+ Kd6 47. Kd4 h5 48. Ke4 Ke7 49. Ke5 h4 50. h3 f6+ 51. Kf4 Kd6 52. Kg4 Ke5 53. Kxh4 Kxf5 54. Kg3 Ke4 55. Kg4 f5+ 56. Kg3 f4+ 57. Kf2 g5 58. Ke2 f3+ 59. Kf2 Kf4 0-1

[Event "World Amateur-ch"]
[Site "Iasi"]
[Date "2013.04.25"]
[Round "4"]
[White "Wong, Yee Chit"]
[Black "Teh, Eu Wen Aron"]
[Result "0-1"]
[WhiteElo "1904"]
[BlackElo "1949"]
[PlyCount "146"]
[EventDate "2013.04.22"]
[EventType "swiss"]
[EventRounds "9"]
[EventCountry "ROU"]
[SourceTitle "CBM 154 Extra"]
[Source "ChessBase"]
[SourceDate "2013.06.25"]
[SourceVersion "2"]
[SourceVersionDate "2013.06.25"]
[SourceQuality "1"]

1. d4 Nf6 2. c4 e6 3. Nf3 b6 4. g3 Bb7 5. Bg2 Be7 6. 0-0 0-0 7. d5 exd5 8. Nh4 c6 9. cxd5 Nxd5 10. Nf5 Nc7 11. Nc3 d5 12. e4 Bf6 13. exd5 Nxd5 14. Nxd5 cxd5 15. Ne3 Na6 16. Nxd5 Nc5 17. Rb1 Ba6 18. Re1 Nd3 19. Re3 Nxc1 20. Nxf6+ Qxf6 21. Bxa8 Ne2+ 22. Rxe2 Bxe2 23. Qxe2 Rxa8 24. Re1 g6 25. Qe5 Kg7 26. b3 Rd8 27. Qxf6+ Kxf6 28. Re2 g5 29. g4 b5 30. Kg2 Rd4 31. h3 a5 32. Kf3 Rd3+ 33. Kg2 a4 34. bxa4 bxa4 35. Re4 Ra3 36. Re2 Kg6 37. Rb2 f6 38. Rc2 Rd3 39. Rc4 Ra3 40. Rc2 h5 41. Rb2 h4 42. Rc2 Kf7 43. Re2 Kf8 44. Kh2 Kg7 45. Rc2 Kf7 46. Re2 f5 47. Re5 Rxa2 48. Kg2 fxg4 49. hxg4 Kf6 50. Rf5+ Kg6 51. Kh3 Ra3+ 52. Kg2 Ra1 53. f4 gxf4 54. Rxf4 Kg5 55. Rb4 Ra2+ 56. Kh3 Ra3+ 57. Kh2 h3 58. Rc4 Kh4 59. Rd4 Ra2+ 60. Kg1 Kg3 61. Rd3+ Kxg4 62. Rd4+ Kf5 63. Rh4 Ra3 64. Kf2 Ke5 65. Rb4 Kd5 66. Rb8 Kc4 67. Rc8+ Kb3 68. Ke2 h2 69. Rh8 Ra1 70. Rh3+ Kc4 71. Rh4+ Kd5 72. Rh5+ Ke6 73. Rh6+ Kf7 0-1

[Event "Wch U12"]
[Site "Maribor"]
[Date "2012.11.15"]
[Round "8.27"]
[White "Wong, Yee Chit"]
[Black "He, Tommy O"]
[Result "1/2-1/2"]
[WhiteElo "1862"]
[BlackElo "2050"]
[PlyCount "72"]
[EventDate "2012.11.08"]
[EventType "swiss"]
[EventRounds "11"]
[EventCountry "SLO"]
[SourceTitle "EXT 2013"]
[Source "ChessBase"]
[SourceDate "2012.11.22"]
[SourceVersion "1"]
[SourceVersionDate "2012.11.22"]
[SourceQuality "1"]

1. d4 Nf6 2. c4 e6 3. Nf3 b6 4. g3 Ba6 5. Qa4 Bb7 6. Bg2 c5 7. dxc5 bxc5 8. 0-0 Be7 9. Nc3 0-0 10. Rd1 Qb6 11. Qb5 d6 12. Bf4 Rd8 13. Qxb6 axb6 14. Nb5 Ne8 15. h4 Nc6 16. Ng5 Na5 17. Rac1 Bxg2 18. Kxg2 h6 19. Nf3 Nc6 20. a3 e5 21. Bd2 f5 22. Bc3 Na7 23. Nxa7 Rxa7 24. Nd2 Ra4 25. Ra1 Rda8 26. Ra2 Nc7 27. Rda1 b5 28. b3 R4a6 29. a4 bxa4 30. Rxa4 Rxa4 31. Rxa4 Kf7 32. Rxa8 Nxa8 33. Ba5 Ke6 34. e4 fxe4 35. Nxe4 d5 36. cxd5+ Kxd5 1/2-1/2

[Event "Wch U12"]
[Site "Maribor"]
[Date "2012.11.12"]
[Round "6.23"]
[White "Chiang, Jonathan"]
[Black "Wong, Yee Chit"]
[Result "1-0"]
[WhiteElo "2096"]
[BlackElo "1862"]
[PlyCount "57"]
[EventDate "2012.11.08"]
[EventType "swiss"]
[EventRounds "11"]
[EventCountry "SLO"]
[SourceTitle "EXT 2013"]
[Source "ChessBase"]
[SourceDate "2012.11.22"]
[SourceVersion "1"]
[SourceVersionDate "2012.11.22"]
[SourceQuality "1"]

1. e4 c5 2. Nf3 Nc6 3. d4 cxd4 4. Nxd4 g6 5. Nc3 Bg7 6. Be3 Nf6 7. Bc4 d6 8. f3 0-0 9. Qd2 Bd7 10. 0-0-0 Rc8 11. Bb3 Ne5 12. Kb1 Re8 13. h4 h5 14. Nce2 b5 15. Bh6 Nc4 16. Bxc4 Rxc4 17. Rdg1 Rc5 18. Nb3 Bxh6 19. Qxh6 Re5 20. Nf4 b4 21. Nd3 Rb5 22. g4 Qb6 23. e5 Nxg4 24. fxg4 Bc6 25. e6 Bxh1 26. Rf1 Bd5 27. Rxf7 Qg1+ 28. Ndc1 Bxb3 29. Qh7# 1-0

[Event "Wch U12"]
[Site "Maribor"]
[Date "2012.11.11"]
[Round "4.47"]
[White "Duman, Necdet"]
[Black "Wong, Yee Chit"]
[Result "0-1"]
[WhiteElo "1614"]
[BlackElo "1862"]
[PlyCount "58"]
[EventDate "2012.11.08"]
[EventType "swiss"]
[EventRounds "11"]
[EventCountry "SLO"]
[SourceTitle "EXT 2013"]
[Source "ChessBase"]
[SourceDate "2012.11.22"]
[SourceVersion "1"]
[SourceVersionDate "2012.11.22"]
[SourceQuality "1"]

1. e4 c5 2. Nf3 Nc6 3. Bb5 g6 4. 0-0 Bg7 5. c3 Nf6 6. Re1 0-0 7. d4 cxd4 8. cxd4 d5 9. e5 Ne4 10. Nbd2 Qb6 11. Bxc6 Qxc6 12. Nxe4 dxe4 13. Nd2 Rd8 14. Rxe4 Bf5 15. Re1 Rxd4 16. Qf3 Rd5 17. Qg3 Rad8 18. Nf3 Qc2 19. b3 Rd1 20. Bd2 R8xd2 21. Nxd2 Rxa1 22. Rxa1 Qxd2 23. h3 h5 24. h4 Qe2 25. f4 Qd2 26. Kh1 Bh6 27. Rf1 Qd3 28. Qf2 Be4 29. Rg1 Qh3# 0-1

[Event "Hong Kong-ch op"]
[Site "Hong Kong"]
[Date "2012.09.30"]
[Round "4"]
[White "Wong, Yee Chit"]
[Black "Rivera, Albert"]
[Result "0-1"]
[WhiteElo "1843"]
[BlackElo "2155"]
[PlyCount "120"]
[EventDate "2012.09.28"]
[EventType "swiss"]
[EventRounds "9"]
[EventCountry "HKG"]
[SourceTitle "EXT 2024"]
[Source "ChessBase"]
[SourceDate "2023.10.10"]
[SourceVersion "1"]
[SourceVersionDate "2023.10.10"]
[SourceQuality "1"]

1. d4 Nf6 2. c4 c6 3. Nc3 d5 4. Nf3 a6 5. cxd5 cxd5 6. Bf4 Nc6 7. e3 e6 8. a3 Bd6 9. Bg3 0-0 10. Bd3 b5 11. b4 Bb7 12. 0-0 Bxg3 13. hxg3 Rc8 14. Rc1 Nd7 15. Nd2 Nb6 16. f4 g6 17. Kf2 Qf6 18. Nf3 h5 19. Rh1 Kg7 20. Qe2 Rc7 21. Rc2 Rfc8 22. Rhc1 Ne7 23. e4 dxe4 24. Nxe4 Rxc2 25. Rxc2 Bxe4 26. Bxe4 Rc4 27. Rxc4 Nxc4 28. a4 Nf5 29. Bxf5 Qxf5 30. axb5 axb5 31. Ne5 Nd6 32. Qd3 Qxd3 33. Nxd3 Nf5 34. Ne5 Nxd4 35. Nd3 Nc6 36. Kf3 f6 37. Ke3 Kf7 38. Kd2 e5 39. fxe5 fxe5 40. Ke3 Kf6 41. Ke4 Ke6 42. Nc5+ Ke7 43. Kd5 Nxb4+ 44. Kxe5 Nc2 45. Kf4 Nd4 46. Nd3 Kf6 47. Nb4 Ne2+ 48. Kf3 Nd4+ 49. Kf4 g5+ 50. Ke4 Ne2 51. Kf3 Nc3 52. g4 h4 53. Nd3 Nd5 54. Kf2 b4 55. Nc1 Ke5 56. g3 h3 57. Kg1 Kd4 58. Kh2 Kc3 59. Na2+ Kb2 60. Nxb4 Nxb4 0-1